000 00495nam a22001817a 4500
003 SISC
005 20160404102738.0
008 130814t xxu||||| |||| 00| 0 eng d
050 _aHQ 734
_b.P484 1973
082 _aHS 248.3
_bP44 1973
100 _aPetersen, J. Allan
_910437
245 _aTwo become one /
_cJ. Allan Petersen
260 _aMetro Manila, Philippines :
_b O.M.F.,
_cc1973.
300 _a111 p. :
_c18 cm.
650 _aMarriages
_910438
942 _2lcc
_cBK
999 _c8625
_d8625